Gender and citizenship in transition /
Guardat en:
| Altres autors: | |
|---|---|
| Format: | Text |
| Etiquetes: |
Afegir etiqueta
Sense etiquetes, Sigues el primer a etiquetar aquest registre!
|
MARC
| LEADER | 00000 a a2200000 04500 | ||
|---|---|---|---|
| 001 | 44750 | ||
| 003 | |||
| 040 | |||
| 245 | |a Gender and citizenship in transition / |c Edición por Barbara Hobson | ||
| 700 | |a Hobson, Barbara |e editora | ||
| 773 | |g 32 páginas | ||
| 999 | |c 38952 |d 38952 | ||
